Digitálna transformácia v retailovom bankovníctve diplomová práca

Na minha lista:
Detalhes bibliográficos
Autor principal: Baranová, Eva
Autor Corporativo: Fakulta podnikového manažmentu EU. Katedra informačného manažmentu
Outros Autores: Bolek, Vladimír, 1988-
Formato: Livro
Idioma:eslovaco
Publicado em: Bratislava 2017
Tags: Adicionar Tag
Sem tags, seja o primeiro a adicionar uma tag!

MARC

LEADER 00000nbm a2200000 4500
001 0232213
005 20171108130425.8
041 0 |a slo 
044 |a SK 
245 1 0 |a Digitálna transformácia v retailovom bankovníctve  |b diplomová práca  |c Eva Baranová ; školiteľ: Vladimír Bolek 
264 1 |a Bratislava  |c 2017 
300 |a 80 s. 
100 1 |a Baranová, Eva 
700 1 |a Bolek, Vladimír, 1988- 
710 2 |a Fakulta podnikového manažmentu EU. Katedra informačného manažmentu